000 00741nam a2200217 a 4500
005 20210223125410.0
008 040628s1971 mx r 000 0 spa d
035 _aUPN01000133965
049 _aCG
050 4 _aHX387
_bS3.3
100 1 _aSchickel, Joachim
245 1 0 _aChina :
_brevolución en la literatura /
_cJoachim Schickel ; tr. Eduardo Subirats.
260 _aBarcelona, Esp. :
_bBarral,
_c1971.
300 _a150 p.
440 0 _aEdiciones de bolsillo ;
_v66.
_pLibros de enlace
534 _pTítulo original:
_tChina : die revolution der literatur
650 4 _aCOMUNISMO -
_zCHINA
_910267
650 4 _aLITERATURA CHINA -
_ySIGLO XX -
_xHISTORIA Y CRITICA
_922897
650 4 _aCOMUNISMO Y LITERATURA
_910297
905 _aLibro
999 _c106116
_d106116